00462nam a2200157Ia 4500008004100000020001400041082001400055100002100069245004300090250000700133260004500140300002900185500001900214600002100233650005000254240925s9999 xx 000 0 und d a136266231 a005.3 GRA aGrady ,Robert B. 0aSuccesful Software Process Improvement aNA aNew Jersey:bPrintice- Hall Int.c,1998. axvi,425p.bNAfPhotocopy aIncludes Index aComputer Science aComputer science, information & general works